<?xml version="1.0" encoding="UTF-8"?>
<record
    xmlns:xsi="http://www.w3.org/2001/XMLSchema-instance"
    xsi:schemaLocation="http://www.loc.gov/MARC21/slim http://www.loc.gov/standards/marcxml/schema/MARC21slim.xsd"
    xmlns="http://www.loc.gov/MARC21/slim">

  <leader>01717nam a22002297a 4500</leader>
  <controlfield tag="003">NALT</controlfield>
  <controlfield tag="005">20220525101753.0</controlfield>
  <controlfield tag="008">210917b        th ||||| |||| 00| 0 tha d</controlfield>
  <datafield tag="040" ind1=" " ind2=" ">
    <subfield code="a">NALT</subfield>
  </datafield>
  <datafield tag="086" ind1=" " ind2=" ">
    <subfield code="a">&#xE1B;&#xE0A; 16 7.5 353.46 2561</subfield>
  </datafield>
  <datafield tag="110" ind1="2" ind2=" ">
    <subfield code="9">49185</subfield>
    <subfield code="a">&#xE2A;&#xE33;&#xE19;&#xE31;&#xE01;&#xE07;&#xE32;&#xE19;&#xE04;&#xE13;&#xE30;&#xE01;&#xE23;&#xE23;&#xE21;&#xE01;&#xE32;&#xE23;&#xE1B;&#xE49;&#xE2D;&#xE07;&#xE01;&#xE31;&#xE19;&#xE41;&#xE25;&#xE30;&#xE1B;&#xE23;&#xE32;&#xE1A;&#xE1B;&#xE23;&#xE32;&#xE21;&#xE01;&#xE32;&#xE23;&#xE17;&#xE38;&#xE08;&#xE23;&#xE34;&#xE15;&#xE41;&#xE2B;&#xE48;&#xE07;&#xE0A;&#xE32;&#xE15;&#xE34; (&#xE1B;.&#xE1B;.&#xE0A;.).</subfield>
    <subfield code="b">&#xE2A;&#xE33;&#xE19;&#xE31;&#xE01;&#xE15;&#xE49;&#xE32;&#xE19;&#xE17;&#xE38;&#xE08;&#xE23;&#xE34;&#xE15;&#xE28;&#xE36;&#xE01;&#xE29;&#xE32;</subfield>
  </datafield>
  <datafield tag="245" ind1="1" ind2="0">
    <subfield code="a">&#xE23;&#xE32;&#xE22;&#xE07;&#xE32;&#xE19;&#xE2A;&#xE23;&#xE38;&#xE1B;&#xE1C;&#xE25;&#xE01;&#xE32;&#xE23;&#xE1B;&#xE23;&#xE31;&#xE1A;&#xE1B;&#xE23;&#xE38;&#xE07;&#xE2B;&#xE25;&#xE31;&#xE01;&#xE2A;&#xE39;&#xE15;&#xE23;&#xE15;&#xE49;&#xE32;&#xE19;&#xE17;&#xE38;&#xE08;&#xE23;&#xE34;&#xE15;&#xE28;&#xE36;&#xE01;&#xE29;&#xE32; &#xE1E;.&#xE28;. 2561 /</subfield>
    <subfield code="c">&#xE2A;&#xE33;&#xE19;&#xE31;&#xE01;&#xE15;&#xE49;&#xE32;&#xE19;&#xE17;&#xE38;&#xE08;&#xE23;&#xE34;&#xE15;&#xE28;&#xE36;&#xE01;&#xE29;&#xE32; &#xE2A;&#xE33;&#xE19;&#xE31;&#xE01;&#xE07;&#xE32;&#xE19;&#xE04;&#xE13;&#xE30;&#xE01;&#xE23;&#xE23;&#xE21;&#xE01;&#xE32;&#xE23;&#xE1B;&#xE49;&#xE2D;&#xE07;&#xE01;&#xE31;&#xE19;&#xE41;&#xE25;&#xE30;&#xE1B;&#xE23;&#xE32;&#xE1A;&#xE1B;&#xE23;&#xE32;&#xE21;&#xE01;&#xE32;&#xE23;&#xE17;&#xE38;&#xE08;&#xE23;&#xE34;&#xE15;&#xE41;&#xE2B;&#xE48;&#xE07;&#xE0A;&#xE32;&#xE15;&#xE34; (&#xE1B;.&#xE1B;.&#xE0A;.).</subfield>
  </datafield>
  <datafield tag="260" ind1=" " ind2=" ">
    <subfield code="a">&#xE01;&#xE23;&#xE38;&#xE07;&#xE40;&#xE17;&#xE1E;&#xE2F; :</subfield>
    <subfield code="b">&#xE2A;&#xE33;&#xE19;&#xE31;&#xE01;&#xE15;&#xE49;&#xE32;&#xE19;&#xE17;&#xE38;&#xE08;&#xE23;&#xE34;&#xE15;&#xE28;&#xE36;&#xE01;&#xE29;&#xE32; &#xE2A;&#xE33;&#xE19;&#xE31;&#xE01;&#xE07;&#xE32;&#xE19;&#xE04;&#xE13;&#xE30;&#xE01;&#xE23;&#xE23;&#xE21;&#xE01;&#xE32;&#xE23;&#xE1B;&#xE49;&#xE2D;&#xE07;&#xE01;&#xE31;&#xE19;&#xE41;&#xE25;&#xE30;&#xE1B;&#xE23;&#xE32;&#xE1A;&#xE1B;&#xE23;&#xE32;&#xE21;&#xE01;&#xE32;&#xE23;&#xE17;&#xE38;&#xE08;&#xE23;&#xE34;&#xE15;&#xE41;&#xE2B;&#xE48;&#xE07;&#xE0A;&#xE32;&#xE15;&#xE34; (&#xE1B;.&#xE1B;.&#xE0A;.),</subfield>
    <subfield code="c">2564.</subfield>
  </datafield>
  <datafield tag="300" ind1=" " ind2=" ">
    <subfield code="a">95 &#xE2B;&#xE19;&#xE49;&#xE32; :</subfield>
    <subfield code="b">&#xE20;&#xE32;&#xE1E;&#xE1B;&#xE23;&#xE30;&#xE01;&#xE2D;&#xE1A;, &#xE15;&#xE32;&#xE23;&#xE32;&#xE07; ; </subfield>
    <subfield code="c">29 &#xE0B;&#xE21;.</subfield>
  </datafield>
  <datafield tag="650" ind1=" " ind2="4">
    <subfield code="9">6557</subfield>
    <subfield code="a">&#xE01;&#xE32;&#xE23;&#xE17;&#xE38;&#xE08;&#xE23;&#xE34;&#xE15;&#xE41;&#xE25;&#xE30;&#xE1B;&#xE23;&#xE30;&#xE1E;&#xE24;&#xE15;&#xE34;&#xE21;&#xE34;&#xE0A;&#xE2D;&#xE1A;</subfield>
  </datafield>
  <datafield tag="650" ind1=" " ind2="4">
    <subfield code="9">34570</subfield>
    <subfield code="a">&#xE01;&#xE32;&#xE23;&#xE1B;&#xE49;&#xE2D;&#xE07;&#xE01;&#xE31;&#xE19;&#xE41;&#xE25;&#xE30;&#xE1B;&#xE23;&#xE32;&#xE1A;&#xE1B;&#xE23;&#xE32;&#xE21;&#xE01;&#xE32;&#xE23;&#xE17;&#xE38;&#xE08;&#xE23;&#xE34;&#xE15;</subfield>
  </datafield>
  <datafield tag="850" ind1=" " ind2=" ">
    <subfield code="a">NALT</subfield>
  </datafield>
  <datafield tag="856" ind1="4" ind2="0">
    <subfield code="u">https://ae.ksu.ac.th/manage/img_file/xdGYk1XE7uP20211018175301.pdf</subfield>
  </datafield>
  <datafield tag="942" ind1=" " ind2=" ">
    <subfield code="c">GOV</subfield>
    <subfield code="2">local</subfield>
  </datafield>
  <datafield tag="998" ind1=" " ind2=" ">
    <subfield code="a">bijaya</subfield>
    <subfield code="c">DAO</subfield>
    <subfield code="j">1020</subfield>
    <subfield code="k"> &#xE08;&#xE33;&#xE40;&#xE23;&#xE35;&#xE22;&#xE07; &#xE23;&#xE30;&#xE27;&#xE31;&#xE07;&#xE2A;&#xE33;&#xE42;&#xE23;&#xE07;</subfield>
  </datafield>
  <datafield tag="999" ind1=" " ind2=" ">
    <subfield code="c">98520</subfield>
    <subfield code="d">98520</subfield>
  </datafield>
  <datafield tag="952" ind1=" " ind2=" ">
    <subfield code="0">0</subfield>
    <subfield code="1">0</subfield>
    <subfield code="2">local</subfield>
    <subfield code="4">0</subfield>
    <subfield code="7">0</subfield>
    <subfield code="8">CGOV</subfield>
    <subfield code="a">NALT</subfield>
    <subfield code="b">NALT</subfield>
    <subfield code="c">GOV</subfield>
    <subfield code="d">2021-09-17</subfield>
    <subfield code="o">&#xE1B;&#xE0A; 16 7.5 353.46 2561</subfield>
    <subfield code="p">3961212308</subfield>
    <subfield code="r">2022-05-20 00:00:00</subfield>
    <subfield code="w">2021-09-17</subfield>
    <subfield code="y">GOV</subfield>
  </datafield>
</record>
